Quizzes
Events
Quiz Creation
Community
Videos
Private Events
Remove Ads
Sign In
Join for FREE
Feedback
Dark Mode
Quiz Categories
Sports
Geography
Music
Movies
Television
Just For Fun
Miscellaneous
History
Literature
Language
Science
Gaming
Entertainment
Religion
Holiday
For Kids
Quiz Lab
Recent
Popular Today
Quiz Kudos Today
Editor Picks
Curator Picks
Quizzes by...
Day
Popularity
Type
Ratings
Length
Year
Community
Subscriptions
Recent Discussions
Orange Saloon
Badges
Playlists
Quests
Create
Leaderboards
Showdown
Live 5
Trivia Bingo
Activity
Puzzle Library
Sporcle Events
Private Events
Virtual Trivia
Globe League
Become a Host
Pub Owners
SporcleCon
Opinionation
Our Games
Videos
Blog
Mobile Apps
Partnerships
Remove Ads and Go Orange
Feedback
Television
TV Characters
TV Show
Sitcom
Network
Friends
Reality Shows
Cast
South Park
Star Trek
The Simpsons
Doctor Who
Television
TV Characters
TV Show
Sitcom
Network
Friends
Reality Shows
Cast
South Park
Star Trek
The Simpsons
Doctor Who
Random Quiz
Search Sporcle
×
Quiz Lab
Quiz Lab
Television
Kdrama
Type in answers that appear in a list
Type in answers that appear in a list
Classic
Best Score? Go Orange.
Korean Drama List Stats
Can you list all famous Korean Drama? (2006-2016)
By
melissadharmawan
20m
151 Questions
1,562 Plays
1,562 Plays
1,562 Plays
Comments
Comments
Give Quiz Kudos
Give Quiz Kudos
-
- Ratings
hide this ad
Replay
Link that replays current quiz
Next Quiz
Link to next quiz in quiz playlist
You Got
0%
They Got
Avg Score
34%
Avg Friend Score
Upgrade to see
Score Distribution
Jump to the score distribution portion of the page
Score
0/151
Timer
20:00
0
Plays Today
Title
% Correct
heirs
83.1%
boys over flowers
78.7%
doctor
76%
goblin
75.9%
descendants of the sun
74.5%
school 2013
70.7%
healer
69.9%
dream high
69.9%
pinocchio
69.7%
pinocchio
69.7%
secret garden
68.6%
secret garden
68.6%
reply 1997
66.1%
legend of blue sea
66.1%
coffee prince
65.9%
w
65%
school 2015
64.7%
kill me heal me
64.5%
reply 1988
64.5%
k2
62.7%
she was pretty
62.3%
you're beautiful
61.4%
doctor stranger
60.6%
my love from the star
60%
hwarang
59.1%
cheese in the trap
58.7%
to the beautiful you
58.2%
reply 1994
57.2%
oh my venus
57.2%
I Hear Your Voice
56.4%
oh my ghost
55.8%
personal taste
55.7%
dream high 2
55.5%
playful kiss
54.4%
blood
52.6%
scarlet heart ryeo
52.3%
heartstrings
51.6%
princess hours
51.3%
my girlfriend is a gumiho
51.3%
uncontrollably fond
50.9%
it's okay it's love
50.2%
faith
49.3%
big
47.9%
Weightlifting Fairy Kim Bok Joo
47.7%
emergency couple
47.4%
let's fight ghost
45.3%
innocent man
45%
sassy go go
44.7%
good doctor
44.3%
Flower Boy Next Door
44.1%
the producers
43.2%
Title
% Correct
gu family book
42.8%
moonlight drawn by clouds
41.8%
moorim school
39.6%
signal
39%
remember
38.8%
who are you
37.8%
empress ki
37%
fated to love you
35.7%
lie to me
35.3%
49 days
35.2%
yong pal
34.3%
shut up flower boy band
34.2%
sungkyunkwan scandal
33.9%
jealousy incarnate
33.4%
marriage not dating
33.3%
Angry Mom
33.2%
that winter the wind blows
33%
orange marmalade
32.7%
entertainer
32.3%
A Girl Who Sees Smells
32.3%
shopping king louie
31.8%
iris
30.9%
birth of beauty
30.5%
exo next door
30.3%
king 2 heart
29.8%
angel eyes
29.6%
lucky romance
29.2%
beautiful gong shim
28.9%
You're All Surrounded
28.5%
Flower Boy Ramyun Shop
28.2%
i need romance
28%
monstar
27.7%
moon that embraces the sun
27.7%
queen inhyun's man
27%
prime minister and i
26.9%
hi school love on
26.8%
Hyde, Jekyll, Me
25.6%
arang and magistrate
25.2%
my lovely girl
25.1%
bel ami
25.1%
cunning single lady
25%
bride of century
25%
pasta
24.2%
let's eat
23.8%
d-day
23.4%
Scholar Who Walks the Night
23.3%
brilliant legacy
21.4%
Protect the Boss
21.4%
drinking solo
20.8%
my fair lady
20.1%
prosecutor princess
20%
Title
% Correct
Twenty Again
20%
monster
19.9%
please come back mister
19.6%
fashion king
19.3%
Six Flying Dragons
19.1%
cinderella's sister
18.9%
marry him if you dare
18.9%
padam padam
17.3%
I Do I Do
17.3%
full house take 2
17.3%
king of baking
16.9%
Pride and Prejudice
16%
spring waltz
15.8%
medical top team
15.7%
High School King of Savvy
15.5%
you are my destiny
15.4%
3 days
15.4%
The Time We Were Not In Love
14.9%
jackpot
14.3%
wild romance
13.9%
mrs cop
13.6%
On the Way to the Airport
13.4%
ExGirlfriend Club
13.3%
seven first kiss
13.3%
What Happens to My Family
13.1%
mary stayed out all night
13.1%
miss korea
13.1%
romantic teacher doctor kim
13%
cinderella and four knighs
12.9%
The Man Living in Our House
12.8%
beethoven virus
12.7%
When a Man Loves
12.2%
Oh My Geum Bi
12.2%
god gift
12%
shine or go crazy
11.9%
hong gil dong
11.8%
The King of Dramas
11.5%
dating agency cyrano
11.5%
all about my romance
11.4%
punch
11.2%
It's Okay, Daddy's Girl
10.7%
a gentlemna's dignity
10.5%
Woman with a Suitcase
10.5%
Glamorous Temptation
10.4%
boarding house 24
10.2%
Nine Time Travels
9.5%
The Woman Who Married Three Times
9.3%
The Queen of Office
8.9%
Rooftoop Prince
6.3%
Quiz Playlist
Details
Report
Send in Message
Add To Playlist
Classic:
Type in answers that appear in a list
Last Updated: Apr 11, 2017
Quiz Scoreboard
CHALLENGE
Sign Up to Join the Scoreboard
Show All
Scores
Hide
Comments
May contain spoilers
Recently Published
An Introduction to Baseball
by treessimontrees
Sports
5m
Movies - When Are They Set?
by FPL_Elf
Movies
5m
Popular People in 1961
by mucciniale
History
6m
More to Explore
Quiz From the Vault
Featured Blog Post
Where Did the Easter Bunny Come From?
hide this ad
You Might Also Like...
Tags
Drama
Kdrama
Today's Top Quizzes in Television
Browse Television
hide this ad
Today's Top Quizzes in Kdrama
Browse Kdrama
Top Contributed Quizzes in Television
1
One Piece Logic Puzzle
2
Survivor Logic Puzzle: Heroes vs. Villains
3
5-to-1: The Simpsons Families
4
Survivor Seasons
5
Survivor Season by Logo
6
5-to-1: Television Doctors
7
7-to-1: TV Show Settings
8
One Thing in Common: Television
9
Survivor Trivia
10
5-to-1: Streaming Originals
Explore More
Trending Topics
NBA
Disney
Anime
Kpop
Marvel
Crossword
Harry Potter
Pokémon
Song
Country
The Office
WWE
NFL
Soccer
Puzzle
hide this ad
More By:
melissadharmawan
Quiz
Plays
Rating
Category
Featured
Created
Guess Korean Drama Name
4,077
4.00
Television
Sep 6, 2016
Guess Who Sing this KPOP Legendary Song
3,282
4.88
Music
Jun 11, 2016
Korean Actress/Actor Logic Quiz [KDRAMA]
2,688
4.50
Television
Nov 5, 2016
KPOP IDOL KID/TEEN PHOTO
2,574
5.00
Music
Nov 18, 2016
K-drama Couple
2,188
3.00
Television
May 6, 2017
Go to Creator's Profile
Score Distribution
Quiz Creator Spotlight
melissadharmawan
Follow
Send a Message
Quizzes Created
-
Created Quiz Play Count
-
More By This Creator
Popular Quizzes Today
1
Find the Countries of Europe - No Outlines Minefield
2
Find the US States - No Outlines Minefield
3
The Countries of the World
4
Popular People in 1961
5
Find the US States
6
US States
7
1-10 Letter E Words III
8
Risky Map Clicking: Biggest States A-Z
More Television Quizzes
The Vampire Diaries Crossword
Quiz Lab
Trending Quizzes
Risky Map Clicking: Least Populous States A-Z
1-10 Letter F Words
1-10 Letter G Words
Not Quite an Element Typing Challenge
One Thing in Common: United Kingdom
Recently Updated
Leaping Animals
pecheneg
Reality TV Shows (A-Z)
bhenderson79
Rickey Henderson's Hall of Fame Teammates
pecheneg
Champions League XIs: Arsenal
pecheneg
Quick Pick: Celebrities in WWE's Hall of Fame
aduchscher
A-Z Keypad Blitz II
pecheneg
Multiple Oscar Actors
pecheneg
Mystery Phrase Blitz: Oscar 'Best Actors'
pecheneg
F. Scott Fitzgerald Novels
LTH
Pick 3 Villains
ddd62291
Trending Topics
Disney
Marvel
NBA
Crossword
Anime
Kpop
Harry Potter
The Office
Soccer
NFL
Puzzle
Song
WWE
Pokémon
Country
Your Account Isn't Verified!
In order to create a playlist on Sporcle, you need to verify the email address you used during registration. Go to your
Sporcle Settings
to finish the process.
Report this User
Report this user for behavior that violates our
Community Guidelines
.
Details:
Send Report
Go to the Sporcle.com Mobile Site →
Comments